[Event "Caracas FVA 80th Ann"]
[Site "Caracas"]
[Date "2015.12.20"]
[Round "8"]
[White "Lopez Flores, Rommel Jesus"]
[Black "Gomez Vargas, Manuel Adolfo"]
[Result "1-0"]
[WhiteElo "1767"]
[BlackElo "1445"]
[PlyCount "49"]
[EventDate "2015.12.16"]
[EventType "swiss"]
[EventRounds "8"]
[EventCountry "VEN"]
[SourceTitle "EXT 2018"]
[Source "ChessBase"]
[SourceDate "2017.10.13"]
[SourceVersion "1"]
[SourceVersionDate "2017.10.13"]
[SourceQuality "1"]

1. d4 d5 2. Nf3 Nf6 3. e3 e6 4. Bd3 Bd6 5. 0-0 0-0 6. b3 Nc6 7. a3 Bd7 8. Bb2 Re8 9. Ne5 Qe7 10. Nd2 Kh8 11. f4 Qd8 12. Nxf7+ Kg8 13. Nxd8 Rexd8 14. c4 Re8 15. e4 dxe4 16. Nxe4 Na5 17. b4 Nxe4 18. Bxe4 Nxc4 19. Qh5 g6 20. Bxg6 hxg6 21. Qxg6+ Kf8 22. Qf6+ Kg8 23. Rf3 Be7 24. Rg3+ Kh7 25. Qg7# 1-0